| 000 | 01137nam a22002657a 4500 | ||
|---|---|---|---|
| 001 | 4121 | ||
| 003 | FISKH | ||
| 005 | 20241101120056.0 | ||
| 008 | 240607b cb ||||| |||| 00| 0 eng d | ||
| 020 | _a9780545248419 | ||
| 040 |
_aFISKH _beng _cFISKH _dFISKH |
||
| 050 | _aQ163.M975 | ||
| 082 | _a502 | ||
| 100 |
_aMurphy Glenn _d1957- |
||
| 245 |
_aWhy is snot green? / _cGlenn Murphy |
||
| 260 |
_aNew York : _bScholastic, _c2010 |
||
| 300 |
_a236 pages : _billustrations, _c20 cm |
||
| 505 | _aU | ||
| 520 | _aSure a lot of kids want to grow up to be astronauts, but according to scientist Glenn Murphy, even MORE kids want to know what happens to astronaut farts. (Short answer: Not good things!) And they want to know: Why don't all fish die from lightening storms? Why haven't we all been sucked into a black hole? Do animals talk? Told in a back-and-forth conversational style, "Why is Snot Green?" presents science just the way kids want to learn it--with lots of laughter. | ||
| 521 | 8 |
_a970
_bLexile |
|
| 521 | 8 |
_aU
_bRaz-Plus |
|
| 700 | _aGlenn Murphy | ||
| 942 |
_2ddc _cBK _n0 |
||
| 999 |
_c4121 _d4121 |
||